|
|
|
|
| LEADER |
00000nam0a2200000 4500 |
| 001 |
194114 |
| 005 |
20231031182211.0 |
| 035 |
|
|
|a (RuTPU)RU\TPU\book\211713
|
| 090 |
|
|
|a 194114
|
| 100 |
|
|
|a 20110405d1979 km y0rusy50 ca
|
| 101 |
0 |
|
|a rus
|
| 102 |
|
|
|a RU
|
| 105 |
|
|
|a a z 001zy
|
| 200 |
1 |
|
|a Теплообмен и трение при турбулентном течении газа в коротких каналах
|f А. С. Сукомел, В. И. Величко, Ю. Г. Абросимов
|
| 210 |
|
|
|a Москва
|c Энергия
|d 1979
|
| 215 |
|
|
|a 216 с.
|c ил.
|
| 320 |
|
|
|a Библиография в конце глав.
|
| 610 |
1 |
|
|a турбулентный поток
|
| 610 |
1 |
|
|a теплопередача
|
| 610 |
1 |
|
|a газ
|
| 610 |
1 |
|
|a теплообмен
|
| 610 |
1 |
|
|a трение
|
| 610 |
1 |
|
|a исследование
|
| 610 |
1 |
|
|a расчет
|
| 675 |
|
|
|a 533.6
|v 3
|
| 700 |
|
1 |
|a Сукомел
|b А. С.
|g Александр Семенович
|
| 701 |
|
1 |
|a Величко
|b В. И.
|g Валентин Иванович
|
| 701 |
|
1 |
|a Абросимов
|b Ю. Г.
|g Юрий Григорьевич
|
| 801 |
|
1 |
|a RU
|b 63413507
|c 20110405
|
| 801 |
|
2 |
|a RU
|b 63413507
|c 20150310
|g RCR
|
| 942 |
|
|
|c BK
|